Statistics for NHL 1st Overall Draft Picks Since 2000

Click here to take the quiz!

General Stats

  • This quiz has been taken 1,005 times
  • The average score is 10 of 14

Answer Stats

HintAnswer% Correct
2005Sidney Crosby
96%
2004Alex Ovechkin
94%
2010Taylor Hall
83%
2007Patrick Kane
79%
2012Nail Yakupov
76%
2011Ryan Nugent-Hopkins
76%
2008Steven Stamkos
75%
2009John Tavares
71%
2013Nathan MacKinnon
71%
2003Marc-Andre Fleury
69%
2006Erik Johnson
62%
2001Ilya Kovalchuk
50%
2002Rick Nash
50%
2000Rick Dipietro
48%

Score Distribution

Percentile by Number Answered

Percent of People with Each Score

Your Score History

You have not taken this quiz